Anak yatim
| Main Author: | |
|---|---|
| Format: | Book |
| Published: |
Kuala Lumpur :
Ikhtihar Jaya Enterprise ,
2016
|
| Series: | Koleksi novel khazanah budi
|
| Subjects: |
MARC
| LEADER | 00000cam a2200000 7i4500 | ||
|---|---|---|---|
| 001 | 0000276607 | ||
| 005 | 20200904092956.0 | ||
| 020 | |a 9789675462856 | ||
| 090 | 0 | 0 | |a JF |b MAZ |
| 100 | 0 | |a Mazura Mohd Yusof | |
| 245 | 0 | 0 | |a Anak yatim |c Mazura Mohd Yusof |
| 260 | |a Kuala Lumpur : |b Ikhtihar Jaya Enterprise , |c 2016 | ||
| 300 | |a 92p. : |b ill. ; |c 21cm. | ||
| 490 | 0 | |a Koleksi novel khazanah budi | |
| 650 | 0 | |a Children's stories, Malay | |
| 999 | |a 00384139 |b BUKU |c PINJAMAN |e PERPUSTAKAAN KOMUNITI PETALING JAYA | ||